| 000 | 02275cam a22005534i 4500 | ||
|---|---|---|---|
| 003 | PE-LiUPU | ||
| 005 | 20250731172904.0 | ||
| 008 | 170124s2016 xxu r b 001 0 eng d | ||
| 020 | _a0802873480 | ||
| 020 | _a9780802873484 | ||
| 035 | _a(Sirsi) a166402 | ||
| 040 |
_aPE-LiUPU _bspa _cPE-LiUPU _erda |
||
| 049 | _aPRUA | ||
| 082 | 0 | 4 |
_a254.1094 _bP11 _223 |
| 100 | 1 |
_aPaas, Stefan, _eautor. |
|
| 245 | 1 | 0 |
_aChurch planting in the secular west : _blearning from the European experience / _cStefan Paas. |
| 264 | 1 |
_aGrand Rapids, Michigan : _bWilliam B. Eerdmans Publishing Company, _c2016. |
|
| 300 |
_axii, 304 páginas ; _c23 centimetros. |
||
| 336 |
_atext _2rdacontent |
||
| 337 |
_aunmediated _2rdamedia |
||
| 338 |
_avolume _2rdacarrier |
||
| 490 | 1 | _aThe Gospel and our culture series | |
| 504 | _aBibliografía : páginas 266-289. | ||
| 504 | _aÍndices: páginas 290-304. | ||
| 505 | 0 | _aChurch planting and its reasons -- Planting better churches -- Planting more churches -- Planting new churches -- In defense of church planting in Europe. | |
| 526 | _aSEG42 | ||
| 526 | _aSEG41 | ||
| 526 | _aSEG40 | ||
| 526 | _aSEG39 | ||
| 526 | _aP94 | ||
| 526 | _aP87 | ||
| 526 | _aP86 | ||
| 526 | _aP85 | ||
| 526 | _aP77 | ||
| 526 | _aP76 | ||
| 526 | _aP35 | ||
| 650 | 0 | 4 |
_aDesarrollo de la Iglesia, Nuevo _zEuropeo. |
| 650 | 0 | 4 |
_aSecularismo _zEuropeo. |
| 650 | 0 | 4 |
_aDesarrollo de la iglesia, Nuevo. _2fast _0(OCoLC) fst00860676 |
| 910 |
_ajck _bjvq _cjck _d20170124. |
||
| 910 |
_adbm _bksl _cksl _d20171218 |
||
| 942 |
_2ddc _cBOOK |
||
| 949 |
_a254.1094 P11 _wDEWEY _c1 _i75582 _lCATALOGING _mBUL _p30.00 _r0 _sY _tBOOK _u2017-01-24 _xTEOLOGIA _zPOSGRADO TEOLOGÍA _0COMPRA _o.CIRCNOTE. El documento es de alto precio. _o.STAFF. Colección Teología |
||
| 596 | _a1 | ||
| 999 |
_a254.1094 P11 _wLC _c15142 _i75582 _f2021-11-10 _g5 _lCCODEBUL1 _mBUL _p30.00 _r0 _sY _tBOOK _u2017-1-24 _xTEOLOGIA _PP85 _0COMPRA _o.STAFF. Colección Teología _d15142 |
||
| 999 |
_a254.1094 P11 _wLC _c2 _i77690 _f2021-11-10 _g4 _lCCODEBUL1 _mBUL _p36.40 _r0 _sY _tBOOK _u2017-12-18 _xTEOLOGIA _PP85 _0DONACION _o.STAFF. Colección Teología |
||
| 980 |
_81 _gALBERTO SANCHEZ Responsable de Automatización |
||